Statistics for Name that Bug

Click here to take the quiz!

General Stats

  • This quiz has been taken 42,652 times
    (14,823 since last reset)
  • The average score is 16 of 20

Answer Stats

Answer% Correct
Lady Bug
98%
Scorpion
96%
Black Widow
94%
Centipede
94%
Dragonfly
94%
European Wasp
94%
Praying Mantis
92%
Grasshopper
91%
Tarantula
91%
Cockroach
90%
Millipede
89%
{Dung} Beetle
86%
Mosquito
84%
{Monarch} Butterfly
74%
Cricket
67%
Pill Bug
67%
Flea
65%
Termite
54%
Earwig
53%
{Fruit} Fly
34%

Score Distribution

Percentile by Number Answered

Percent of People with Each Score

Your Score History

You have not taken this quiz since the last reset